MyGZULibrary

Modern management : (Record no. 7215)

MARC details
000 -LEADER
fixed length control field 01095cam a2200289 a 4500
001 - CONTROL NUMBER
control field 4047425
003 - CONTROL NUMBER IDENTIFIER
control field GZU
005 - DATE AND TIME OF LATEST TRANSACTION
control field 20210505152934.0
008 - FIXED-LENGTH DATA ELEMENTS--GENERAL INFORMATION
fixed length control field 990119s2000 njua b 001 0 eng
010 ## - LIBRARY OF CONGRESS CONTROL NUMBER
LC control number 99012570
020 ## - INTERNATIONAL STANDARD BOOK NUMBER
International Standard Book Number 0130133078
040 ## - CATALOGING SOURCE
Original cataloging agency DLC
Transcribing agency DLC
Modifying agency DLC
050 00 - LIBRARY OF CONGRESS CALL NUMBER
Classification number HD31
Item number .C4125 2000
082 00 - DEWEY DECIMAL CLASSIFICATION NUMBER
Classification number 658
Edition number 21
100 1# - MAIN ENTRY--PERSONAL NAME
Personal name Certo, Samuel C.
245 10 - TITLE STATEMENT
Title Modern management :
Remainder of title diversity, quality, ethics & the global environment /
Statement of responsibility, etc. Samuel C. Certo.
250 ## - EDITION STATEMENT
Edition statement 8th ed.
260 ## - PUBLICATION, DISTRIBUTION, ETC.
Place of publication, distribution, etc. Upper Saddle River, N.J. :
Name of publisher, distributor, etc. Prentice Hall,
Date of publication, distribution, etc. c2000.
300 ## - PHYSICAL DESCRIPTION
Extent xxi, 598 p. :
Other physical details col. ill. ;
Dimensions 28 cm. +
Accompanying material 1 computer laser optical disc (4 3/4 in.)
504 ## - BIBLIOGRAPHY, ETC. NOTE
Bibliography, etc. note Includes bibliographical references (p.561-578) and indexes.
650 #0 - SUBJECT ADDED ENTRY--TOPICAL TERM
Topical term or geographic name entry element Management.
650 #0 - SUBJECT ADDED ENTRY--TOPICAL TERM
Topical term or geographic name entry element Industrial management.
650 #0 - SUBJECT ADDED ENTRY--TOPICAL TERM
Topical term or geographic name entry element Social responsibility of business.
906 ## - LOCAL DATA ELEMENT F, LDF (RLIN)
a 7
b cbc
c orignew
d 1
e ocip
f 19
g y-gencatlg
942 ## - ADDED ENTRY ELEMENTS (KOHA)
Source of classification or shelving scheme Library of Congress Classification
Koha item type Books
Edition 8th
Classification part 31
Item part CER
Call number prefix HD
Call number suffix 2000
Holdings
Withdrawn status Lost status Damaged status Not for loan Collection code Home library Current library Shelving location Date acquired Total Checkouts Full call number Barcode Date last seen Date last checked out Copy number Price effective from Koha item type
        Non-fiction Mashava Campus Library Law Library General Stacks 05/05/2021 2 HD 31 CER 2000 B017803 09/25/2023 09/19/2023 c.1 05/05/2021 Books